Experiencias innovadoras para ciencias sociales : estudiantes motivados, ciudadanos críticos /

Guardado en:
Autor Principal: Benadiba, Laura.
Formato: Libro
Idioma:Undetermined
Publicado: Buenos Aires : Novedades Educativas, 2022.
Series:Biblioteca Didáctica
Materias:
ESI
Etiquetas: Agregar Etiqueta
Sin Etiquetas, Sea el primero en etiquetar este registro!
LEADER 01137nam a22002295a 4500
001 CEM.cems020210
008 230621s2022####ag############000#0#und#d
005 20230621120630.0
245 1 0 |a Experiencias innovadoras para ciencias sociales :  |b estudiantes motivados, ciudadanos críticos /  |c Laura Benadiba. 
260 |a Buenos Aires :  |b Novedades Educativas,  |c 2022. 
300 |a 144 p. 
490 1 |a Biblioteca Didáctica 
505 0 |a La incertidumbre como disparadora en la construcción de conocimiento -- Escuela y educación : espacios y currículo -- La educación: una práctica política no binaria -- El acto escolar como recurso para construir conocimiento -- Abrir nuestras ventanas a la multiplicidad de lecturas -- La evaluación como práctica democrática -- Derechos y ciudadanía: ESI desde la metodología de la Historia Oral 
020 |a 9789875388864 
100 1 |a Benadiba, Laura. 
653 |a Educación 
653 |a Ciencias Sociales 
653 |a Didáctica 
653 |a Didáctica de las Ciencias Sociales 
653 |a ESI 
653 |a Pedagogía 
859 |a CEMS  |b BIB. CEMS - 11 de abril  |h 372.83  |i B430  |p 29486.23  |t Ej.1